000 00568nam a2200217Ia 4500
005 20221031104500.0
008 131103s9999 xx 000 0 und d
020 _a895773775
040 _aLoreto College
041 _aEnglish
082 _a001.9
_bGRE
245 _aGreat mysteries of the past
260 _aNew York
_bThe Reader's Digest Association
_c1991
300 _a448p
504 _aInclude index
630 _aCuriosities and Wonders
650 _aReader's Digest Association
651 _aHistory - Miscellanea
850 _aLCLIB
942 _cBK
999 _c18248
_d68727